Research of selected remediation processes for contaminated groundwater resources

Salvato in:
Dettagli Bibliografici
Autore principale: Šimkovič, Karol (Autore)
Altri autori: Derco, Ján (Relatore della tesi)
Natura: Manoscritto Libro
Lingua:slovacco
inglese
Pubblicazione: 2019
Soggetti:
Accesso online:http://is.stuba.sk/zp/portal_zp.pl?podrobnosti=127868
Tags: Aggiungi Tag
Nessun Tag, puoi essere il primo ad aggiungerne!!

MARC

LEADER 00000ntm a22000003a 4500
001 stuzp54615
003 SK-STU
005 20190824210725.2
007 ta
008 150427s2015----xo-----f-mn---000-0-slo-d
040 |a STU  |b slo 
041 0 |a eng 
100 1 |a Šimkovič, Karol  |u 046290  |k Z3  |4 aut  |U FCHPT Ústav chemického a environmentálneho inžinierstva  |T FCHPT Oddelenie environmentálneho inžinierstva  |X 43620  |U C6290  |Y 120  |7 43620 
242 0 1 |a Výskum vybraných sanačných procesov na kontaminované podzemné zdroje  |y slo 
245 1 0 |a Research of selected remediation processes for contaminated groundwater resources 
260 |c 2019 
650 4 |a biodegradácia  |2 slo 
650 4 |a kinetika  |2 slo 
650 4 |a nZVI  |2 slo 
650 4 |a organochlórované pesticídy  |2 slo 
650 4 |a ozonizácia  |2 slo 
650 4 |a ropné uhľovodíky  |2 slo 
650 4 |a podzemná voda  |2 slo 
650 4 |a stopové organické látky  |2 slo 
650 4 |a biodegradation  |2 eng 
650 4 |a groundwater  |2 eng 
650 4 |a kinetics  |2 eng 
650 4 |a nZVI  |2 eng 
650 4 |a organochlorinated pesticides  |2 eng 
650 4 |a ozonation  |2 eng 
650 4 |a petroleum hydrocarbons  |2 eng 
650 4 |a trace organic compounds  |2 eng 
700 1 |a Derco, Ján  |u 046290  |k Z1  |4 ths  |U FCHPT Ústav chemického a environmentálneho inžinierstva  |T FCHPT Oddelenie environmentálneho inžinierstva  |X 3304  |U C6290  |Y 120  |7 A000003304 
856 4 |u http://is.stuba.sk/zp/portal_zp.pl?podrobnosti=127868